The Big Bang Theory: Follow That Line Quiz Stats

 Plays Quiz not verified by Sporcle

Score 0/13 Timer 03:00
0 Plays Today
% Correct
Maybe because that little piggy is being CRUSHED BY THE BARN!
91.7%
You just got burned.
88%
Hey, how come we never get that option?
86.6%
You mean things like moustache?
86%
I wanted to go to Hawaii, not hell!
85.7%
Who's he?
80.4%
Oh, shut up.
66.8%
And I'm safe in my bedroom, who's crazy now?
62.6%
Wah! I don't want a table!
60.5%
No, we're gonna stop at Target on the way.
53.8%
Keep the table, we never use that space!
53.1%
Wow, is there anything on there about orthotics?
50.1%
I don't know who he's yelling at, she's at Target buying me shirts.
49.2%

You're not logged in!

Compare scores with friends on all Sporcle quizzes.
OR
Log In

Sporcle TV

Today on Sporcle TV


Watch our educational content, quiz creation guides, and fun videos on Sporcle TV.

Show Comments

Extras

Top Quizzes Today


Score Distribution

Your Account Isn't Verified!

In order to create a playlist on Sporcle, you need to verify the email address you used during registration. Go to your Sporcle Settings to finish the process.

Report this User

Report this user for behavior that violates our Community Guidelines.

Details: